5HLuxD.jpg

KING HENRY VIII SENIOR AND PRIMARY SCHOOL LIBRARY OPAC

Access to History for Cambridge International AS Level: (Record no. 2728)

000 -LEADER
fixed length control field 01453nam a22002057a 4500
003 - CONTROL NUMBER IDENTIFIER
control field OSt
005 - DATE AND TIME OF LATEST TRANSACTION
control field 20231212082550.0
008 - FIXED-LENGTH DATA ELEMENTS--GENERAL INFORMATION
fixed length control field 230816b ||||| |||| 00| 0 eng d
020 ## - INTERNATIONAL STANDARD BOOK NUMBER
International Standard Book Number 9781510448674
040 ## - CATALOGING SOURCE
Transcribing agency KH8
082 ## - DEWEY DECIMAL CLASSIFICATION NUMBER
Classification number 900 WIL
100 ## - MAIN ENTRY--PERSONAL NAME
Personal name Williamson, David,
Relator term author.
245 ## - TITLE STATEMENT
Title Access to History for Cambridge International AS Level:
Remainder of title International History 1870-1945 /
Statement of responsibility, etc. David Wiliamson.
260 ## - PUBLICATION, DISTRIBUTION, ETC.
Place of publication, distribution, etc. London;
Name of publisher, distributor, etc. Hodder Education,
Date of publication, distribution, etc. 2019.
300 ## - PHYSICAL DESCRIPTION
Extent 256 pages;
Dimensions 7.4 x 0.63 x 9.69 inches.
520 ## - SUMMARY, ETC.
Summary, etc. This title is endorsed by Cambridge Assessment International Education to support the International History 1870-1945 Option from the Cambridge AS History syllabus for first examination from 2021. Develop knowledge and analytical skills with engaging comprehensive coverage of the International History 1870-1945 Option from the Cambridge AS History syllabus for first examination from 2021. - Trust in the clear and authoritative content written by topic experts - Develop source skills through questions on a wide range of sources - Stay focused on the key issues you need to understand with questions throughout each chapter - Improve study and understanding through detailed chapter summary diagrams - Build confidence with applying your knowledge through exam guidance and exam-style questions.
650 ## - SUBJECT ADDED ENTRY--TOPICAL TERM
Topical term or geographic name entry element International history
Form subdivision Analytical skills
650 ## - SUBJECT ADDED ENTRY--TOPICAL TERM
Topical term or geographic name entry element International history
Form subdivision Develop knowledge
942 ## - ADDED ENTRY ELEMENTS (KOHA)
Source of classification or shelving scheme
Koha item type Teaching Resources
Holdings
Withdrawn status Lost status Source of classification or shelving scheme Damaged status Not for loan Collection code Permanent Location Current Location Shelving location Date acquired Full call number Barcode Date last seen Price effective from Koha item type
          Teaching Resources KH8 Senior School Library KH8 Senior School Library Staff Office 2023-08-16 900 WIL TRKHSL001894 2023-08-16 2023-08-16 Teaching Resources

Powered By KH8 IT Dept